000 01448cam a2200265 4500
001 ABS67898
008 040623n2004 000 0 eng u
035 _a(Sirsi) u126573
100 _aMynors, C.
245 _aAccess for disabled people to historic buildings
260 _c2004
490 _aContext
_v (84) May 2004, 9-11(3)
520 _aDiscusses how the Disability Discrimination Act 1995 Part III, which comes into force in October 2004, can be implemented in a way which avoids conflict between the requirements of the Act and historic buildings legislation. Summarises the main requirements of the Act, reminding practitioners that planning permission or listed building consent may be needed to comply with these. Emphasises that PPG15 stresses that disabled people should have easy access to and within historic buildings. Plans should be part of an integrated review of access arrangements for all visitors and alternative routes and space reorganisation should be achieved without damaging the building's special interest.
590 _aABS
590 _aABS
650 _aMANAGEMENT-BUSINESS MANAGEMENT-DISCRIMINATION-DISABILITY DISCRIMINATION-ACCESSIBILITY
650 _aHISTORIC BUILDINGS
650 _aDISABILITY DISCRIMINATION ACT 1995 PART III
650 _aPPG15
650 _aLISTED BUILDING CONSENT
650 _aACCESS PLANNING
690 _aBUILDING CONSERVATION
700 _aBooth, A.
942 _n0
999 _c117580
_d117580